000 01686nam a2200349 a 4500
001 BRCA_3211
005 20190320204151.0
008 270209s1756----enka---###---#000-0#eng-#
041 _aeng
044 _aenk
084 _a512
_b.T66
_c1756
100 1 _aCervantes Saavedra, Miguel de
_d1547-1616
_9213
245 1 0 _aThe Life and Exploits of the Ingenious Gentleman Don Quixote de la Mancha
_cTranslated from the Original Spanish of Miguel de Cervantes Saavedra by Charles Jarvis.
250 _a3
260 _aLondres
_bJ. and R. Tonson y S. Drouper
_c1756
300 _a2 v.
_bil.
_c30 cm.
500 _aContenido : v.1. Primera parte. Prefacio del traductor supliendo al anterior prefacio. Advertencia de John Oldfield. Retrato de Cervantes por Kent. Vida de Cervantes por Mayáns traducida por Ozell. Prólogo del autor. -- v.2. Segunda parte. Texto
500 _aQuinta impresión de la traducción de Jarvis, copia de la edición públicada por los mismos editores, en 1742. Piel; lomos y planos decorados con dorados Lúdovik Osterc
500 _aEstado físico : Encuadernación maltratada
500 _aQM414
546 _aTexto en : inglés
650 1 4 _aNovela española
_yÉpoca clásica, 1500-1700
_9215
650 1 4 _aLiteratura española
_yÉpoca clásica, 1500-1700
_9216
650 1 4 _aNovela española
_ySiglo XVII
_9217
650 1 4 _aDon Quijote (Personaje ficticio)
_eNovela
_9218
700 1 _aJarvis, Charles
_d?-1739
_eTraductor
_98594
700 1 _aOzell, John
_d?-1743
_eAnotador
_98595
700 1 _aMayáns I. Siscar, Gregorio
_d1699-1781
_eBiógrafo
_98596
740 0 _aEl Ingenioso Hidaldo Don Quijote de la Mancha
902 _aQFM
942 _2lcc
_cB
999 _c2947
_d2947